[Event "Kolhapur Kulkarni Memorial"]
[Site "Kolhapur"]
[Date "2021.12.05"]
[Round "2"]
[White "Mulye, Pranav"]
[Black "Viswanath, Sandilya B"]
[Result "1/2-1/2"]
[WhiteElo "1278"]
[BlackElo "1802"]
[PlyCount "106"]
[EventDate "2021.12.04"]
[EventType "swiss"]
[EventRounds "10"]
[EventCountry "IND"]
[SourceTitle "EXT 2023"]
[Source "ChessBase"]
[SourceDate "2022.10.05"]
[SourceVersion "1"]
[SourceVersionDate "2022.10.05"]
[SourceQuality "1"]

1. e4 c6 2. d4 d5 3. Nc3 dxe4 4. Nxe4 Nf6 5. Ng3 h5 6. h4 g6 7. c3 Bg7 8. Nf3 Bg4 9. Be2 Bxf3 10. Bxf3 0-0 11. Bg5 Nbd7 12. 0-0 Qc7 13. Re1 Rfe8 14. Ne4 Nh7 15. Qd2 e5 16. d5 Nxg5 17. hxg5 Rad8 18. dxc6 Nb6 19. Qe2 bxc6 20. Rad1 Nd5 21. g3 Nb6 22. c4 Rxd1 23. Rxd1 Rd8 24. b3 Rxd1+ 25. Qxd1 Bf8 26. Nf6+ Kh8 27. Bxh5 Be7 28. Bg4 Qd8 29. Qxd8+ Bxd8 30. Kg2 Kg7 31. Ne4 Be7 32. Kf3 Kf8 33. c5 Nd5 34. a3 f5 35. gxf6 Nxf6 36. Nxf6 Bxf6 37. Bd7 e4+ 38. Kxe4 Bb2 39. a4 Bc3 40. f3 Be1 41. Bxc6 Bxg3 42. Kd5 Ke7 43. Bb5 Kd8 44. Kc6 Kc8 45. Ba6+ Kb8 46. Kd7 g5 47. c6 Bf4 48. b4 Bg3 49. Bd3 Bf4 50. b5 Bg3 51. a5 Bc7 52. b6 axb6 53. axb6 Bxb6 1/2-1/2